000 00374 a2200169 4500
001 58893
020 _a8532256597
040 _cAnchieta - Pituba
100 _aCarvalho, Marcos Bernardino de
240 1 0 _aGeografias do mundo
_lpor
245 1 0 _aGeografias do mundo
300 _a215
362 0 _a2005
440 1 _aFTD
650 4 _aGeografia e viagens
942 _cBK
999 _c58893
_d58893